00462nam a2200145Ia 4500003000900000008004100009040003300050041000800083080001400091245009200105246004500197260004400242300001600286650001400302LK-CoDNM010623t1983 xxu||||| |||| 00| 1 sin d aLK-CoDNMdLK-CoDNMeLK-CoDNM asin a(x)378(5) aසෞන්ද්‍රය අධ්‍යන ආයතනය-අත්පොත aSaundarya adhyana aayathanaya : athpotha bUniversity of KelaniyaaSri Lankac1983 b38, 18.5 cm aEducation